000 00577cam a22002053a 4500
001 36899
003 PGUSA
005 20140828083815.0
008 110729s2011||||xxu|||||s|||||000 | eng d
040 _aPGUSA
_beng
042 _adc
100 1 _aConwell, Russell H.,
_d1843-1925
245 1 0 _aPraying for Money
_h[electronic resource] /
_cRussell H. Conwell
260 _bProject Gutenberg,
_c2011
506 _aPublic domain in the USA.
516 _aElectronic text
830 0 _aProject Gutenberg
_v36899
856 4 0 _uhttp://www.gutenberg.org/ebooks/36899
942 _cEB
999 _c266154
_d266154